UM Logo

The impact of embedding behavioral supports into reading instruction for upper elementary students with reading difficulties and inattention / (Record no. 21746)

MARC details
000 -LEADER
fixed length control field 01172nam a22002657a 4500
003 - CONTROL NUMBER IDENTIFIER
control field OSt
005 - DATE AND TIME OF LATEST TRANSACTION
control field 20260210092251.0
008 - FIXED-LENGTH DATA ELEMENTS--GENERAL INFORMATION
fixed length control field 240921b ||||| |||| 00| 0 eng d
040 ## - CATALOGING SOURCE
Transcribing agency 0
082 ## - DEWEY DECIMAL CLASSIFICATION NUMBER
Classification number DPer 372.05 El262 March-June 2023 v. 123 n. 3-4
100 ## - MAIN ENTRY--PERSONAL NAME
Personal name Roberts, Garrett J.
Relator term author.
9 (RLIN) 61346
245 ## - TITLE STATEMENT
Title The impact of embedding behavioral supports into reading instruction for upper elementary students with reading difficulties and inattention /
Statement of responsibility, etc. Garrett J. Roberts, Senaida Mehmedovic, Brooke Cote, Jade Wexler, and Phil Strain.
260 ## - PUBLICATION, DISTRIBUTION, ETC. (IMPRINT)
Place of publication, distribution, etc. Chicago,USA ;
Name of publisher, distributor, etc. University of Chicago Press ,
Date of publication, distribution, etc. March 2023.
300 ## - PHYSICAL DESCRIPTION
Extent Volume 123, pages 457-478 :
Other physical details illustration ;
Dimensions 26 cm.
500 ## - GENERAL NOTE
General note The Elementary School Journal, vol. 123, no. 3, pages 457-478, March 2023.
650 #0 - SUBJECT ADDED ENTRY--TOPICAL TERM
Topical term or geographic name as entry element Attention control.
9 (RLIN) 64918
650 #0 - SUBJECT ADDED ENTRY--TOPICAL TERM
Topical term or geographic name as entry element Reading difficulties.
9 (RLIN) 65015
650 #0 - SUBJECT ADDED ENTRY--TOPICAL TERM
Topical term or geographic name as entry element Positive behavior supports.
9 (RLIN) 65016
700 ## - ADDED ENTRY--PERSONAL NAME
Personal name Roberts, Garrett J.
Relator term author.
9 (RLIN) 61346
700 ## - ADDED ENTRY--PERSONAL NAME
Personal name Mehmedovic, Senaida.
Relator term author.
9 (RLIN) 61347
700 ## - ADDED ENTRY--PERSONAL NAME
Personal name Cote, Brooke.
Relator term author.
9 (RLIN) 61348
700 ## - ADDED ENTRY--PERSONAL NAME
Personal name Wexler, Jade.
Relator term author.
9 (RLIN) 61349
700 ## - ADDED ENTRY--PERSONAL NAME
Personal name Strain, Phil.
Relator term author.
9 (RLIN) 61350
942 ## - ADDED ENTRY ELEMENTS (KOHA)
Source of classification or shelving scheme Dewey Decimal Classification
Koha item type Periodicals
Holdings
Withdrawn status Lost status Source of classification or shelving scheme Damaged status Not for loan Collection code Home library Current library Date acquired Total Checkouts Full call number Date last seen Price effective from Koha item type Public note
    Dewey Decimal Classification     Periodicals UM Digos College - LIC UM Digos College - LIC 09/21/2024   DPer 372.05 El262 March-June 2023 v. 123 n. 3-4 09/21/2024 09/21/2024 Filipiniana Periodical Article